| 000 | 00664nam a2200205 i 4500 | ||
|---|---|---|---|
| 001 | 92214 | ||
| 003 | ES-MaACL | ||
| 005 | 20230906180924.0 | ||
| 007 | t| | ||
| 008 | 050223s1976 sp ||||1| spa d | ||
| 020 | _a84-500-7288-3 | ||
| 245 | 0 | 0 | _aLibro de Aragón. |
| 260 |
_aZaragoza : _bCaja de Ahorros y Monte de Piedad de Zaragoza, Aragón y Rioja, _c[1976] |
||
| 300 |
_a377 p., 3 lám. : _bil., 1 mapa ; _c41 cm. |
||
| 650 | 4 |
_aArte- _zAragón. _910074 |
|
| 651 | 4 |
_aAragón- _xHistoria. _9148237 |
|
| 651 | 4 |
_aAragón- _xDescripción. _97788 |
|
| 710 | 2 |
_aCaja de Ahorros y Monte de Piedad de Zaragoza, Aragón y Rioja. _92326 |
|
| 852 |
_aES-MaACL _jB-7726 |
||
| 999 |
_c92214 _d92214 |
||